Focus (Record no. 82811)

MARC details
000 -LEADER
fixed length control field 00892cad a22001935a 4500
001 - CONTROL NUMBER
control field L151510
008 - FIXED-LENGTH DATA ELEMENTS--GENERAL INFORMATION
fixed length control field 101112e20101106xxk 000 0 eng d
035 ## - SYSTEM CONTROL NUMBER
System control number (Sirsi) u151510
041 0# - LANGUAGE CODE
Language code of text/sound track or separate title eng
100 1# - MAIN ENTRY--PERSONAL NAME
Personal name Morrison, Adrian
245 00 - TITLE STATEMENT
Title Focus
Remainder of title East Scotland
260 ## - PUBLICATION, DISTRIBUTION, ETC.
Date of publication, distribution, etc. 2010
490 ## - SERIES STATEMENT
Series statement Estates Gazette
Volume/sequential designation (1044) 6 November 2010, 81-101(17)
520 ## - SUMMARY, ETC.
Summary, etc. Edinburgh's position as a key European financial centre is being challenged with cuts by Lloyds Banking Group and Barclays Bank whilst Tesco Bank plans to bring new employment opportunities to the city. Office market in Aberdeen. V&A plans to open its first museum outside London in Dundee. Renewable energy developments including wind power are predicted to bring economic prosperity to Dundee.
590 ## - LOCAL NOTE (RLIN)
Local note KA
651 #4 - SUBJECT ADDED ENTRY--GEOGRAPHIC NAME
Geographic name West Midlands
690 ## - LOCAL SUBJECT ADDED ENTRY--TOPICAL TERM (OCLC, RLIN)
Topical term or geographic name as entry element PROPERTY-COMMERCIAL PROPERTY-COMMERCIAL PROPERTY MARKET
942 ## - ADDED ENTRY ELEMENTS (KOHA)
Suppress in OPAC 0
Holdings
Withdrawn status Lost status Source of classification or shelving scheme Damaged status Not for loan Home library Current library Shelving location Date acquired Total Checkouts Full call number Barcode Date last seen Copy number Price effective from Koha item type
    Dewey Decimal Classification     London London Journal article 12/11/2010   L151510 151510-1001 06/08/2019 1 06/08/2019 Journal article